| 000 | nam a22 7a 4500 | ||
|---|---|---|---|
| 999 |
_c342322 _d342322 |
||
| 003 | NUST | ||
| 005 | 20171218121219.0 | ||
| 008 | 171218b xxu||||| |||| 00| 0 eng d | ||
| 020 | _a1855735415 | ||
| 040 | _c0 | ||
| 082 | _a677 SLA | ||
| 100 |
_aSlater,Keith _97432 |
||
| 245 |
_aEnvironmental impact of Textiles: _bproduction,Processes and protection _cKeith Slater |
||
| 260 |
_aBoca Raton _bCRC Press _c2003. |
||
| 300 | _a228p. | ||
| 500 | _aH.B | ||
| 942 |
_2ddc _cBK _kIESE |
||